[Event "SUI-chT"]
[Site "Switzerland"]
[Date "2023.06.25"]
[Round "5.7"]
[White "Schweighoffer, Martin"]
[Black "Guex, Pascal"]
[Result "1/2-1/2"]
[WhiteElo "2172"]
[BlackElo "2130"]
[PlyCount "60"]
[EventDate "2023.04.16"]
[EventType "team-tourn"]
[EventRounds "9"]
[EventCountry "SUI"]
[SourceTitle "EXT 2024"]
[Source "ChessBase"]
[SourceDate "2023.10.10"]
[SourceVersion "1"]
[SourceVersionDate "2023.10.10"]
[SourceQuality "1"]
[WhiteTeam "Winterthur"]
[BlackTeam "Nyon"]
[WhiteTeamCountry "SUI"]
[BlackTeamCountry "SUI"]

1. e4 e5 2. Nf3 Nc6 3. Nc3 Nf6 4. Bb5 Nd4 5. Bc4 d6 6. h3 Be7 7. d3 Nxf3+ 8. Qxf3 c6 9. a4 0-0 10. 0-0 Be6 11. Bxe6 fxe6 12. Qe2 Qe8 13. g4 Qg6 14. Kh2 Nd7 15. f4 exf4 16. Bxf4 Rf7 17. Rf2 Raf8 18. Raf1 a6 19. Bg3 d5 20. exd5 exd5 21. Rxf7 Rxf7 22. Rxf7 Qxf7 23. Nd1 Bc5 24. Kg2 Qe7 25. Qxe7 Bxe7 26. Ne3 g6 27. b3 Kf7 28. Nf1 Ke6 29. Nd2 Bf6 30. Nf3 Nb6 1/2-1/2

[Event "SUI-chT"]
[Site "Switzerland"]
[Date "2019.10.20"]
[Round "9.8"]
[White "Schweighoffer, Martin"]
[Black "Pahud, Cedric"]
[Result "1-0"]
[WhiteElo "2159"]
[BlackElo "2188"]
[PlyCount "69"]
[EventDate "2019.03.10"]
[EventType "team-tourn"]
[EventRounds "9"]
[EventCountry "SUI"]
[SourceTitle "CBM 192 Extra"]
[Source "Chessbase"]
[SourceDate "2019.11.06"]
[SourceVersion "1"]
[SourceVersionDate "2019.11.06"]
[SourceQuality "1"]
[WhiteTeam "Winterthur"]
[BlackTeam "Echallens"]
[WhiteTeamCountry "SUI"]
[BlackTeamCountry "SUI"]

1. e4 c5 2. Nf3 g6 3. c4 Nc6 4. d4 Bg7 5. d5 Nd4 6. Bd3 e5 7. 0-0 d6 8. Nxd4 cxd4 9. f4 f6 10. Qf3 exf4 11. Bxf4 Nh6 12. Na3 0-0 13. Nb5 Nf7 14. Qg3 Ne5 15. Kh1 Qb6 16. a4 a5 17. Bxe5 fxe5 18. Rxf8+ Bxf8 19. Rf1 Bd7 20. Qf2 Bxb5 21. Qf7+ Kh8 22. axb5 Rb8 23. Rf3 Qd8 24. Rh3 Bg7 25. Qxg6 Qg8 26. Qxd6 Rf8 27. Rf3 Rxf3 28. gxf3 Qf8 29. Qxf8+ Bxf8 30. f4 exf4 31. e5 Bg7 32. b6 Kg8 33. c5 Kf8 34. c6 Ke8 35. c7 1-0

[Event "Barcelona Sants op 21st"]
[Site "Barcelona"]
[Date "2019.09.01"]
[Round "10"]
[White "Davtyan, David"]
[Black "Schweighoffer, Martin"]
[Result "0-1"]
[WhiteElo "2249"]
[BlackElo "2141"]
[PlyCount "84"]
[EventDate "2019.08.23"]
[EventType "swiss"]
[EventRounds "10"]
[EventCountry "ESP"]
[SourceTitle "EXT 2020"]
[Source "ChessBase"]
[SourceDate "2019.10.17"]
[SourceVersion "1"]
[SourceVersionDate "2019.10.17"]
[SourceQuality "1"]

1. e4 c5 2. Nc3 e6 3. f4 d5 4. Nf3 Nc6 5. Bb5 Nge7 6. Qe2 d4 7. Nb1 a6 8. Bxc6+ Nxc6 9. d3 Be7 10. 0-0 0-0 11. g4 f5 12. gxf5 exf5 13. e5 Be6 14. Bd2 b5 15. b3 a5 16. a4 Nb4 17. Be1 Nd5 18. Bg3 b4 19. h4 Ne3 20. Rc1 Bd5 21. Nbd2 Ra6 22. Kh2 Rh6 23. Kh3 Kh8 24. Rg1 Nxc2 25. Bf2 Ne3 26. Bxe3 Bxh4 27. Kg2 dxe3 28. Qxe3 g5 29. Kf1 Bxf3 30. Nxf3 g4 31. Nxh4 Rxh4 32. e6 Rh3 33. Qe5+ Kg8 34. Rd1 Qh4 35. Qd5 Kh8 36. Qe5+ Kg8 37. Qd5 Rd8 38. Qb7 Kh8 39. Rg2 Rf3+ 40. Ke2 Qf6 41. e7 Re8 42. Kd2 Qb2+ 0-1

[Event "Barcelona Sants op 21st"]
[Site "Barcelona"]
[Date "2019.08.25"]
[Round "3"]
[White "Schweighoffer, Martin"]
[Black "Mieles Palau, Daniel Alberto"]
[Result "0-1"]
[WhiteElo "2141"]
[BlackElo "2384"]
[PlyCount "84"]
[EventDate "2019.08.23"]
[EventType "swiss"]
[EventRounds "10"]
[EventCountry "ESP"]
[SourceTitle "EXT 2020"]
[Source "ChessBase"]
[SourceDate "2019.10.17"]
[SourceVersion "1"]
[SourceVersionDate "2019.10.17"]
[SourceQuality "1"]

1. e4 c5 2. Nf3 Nc6 3. d4 cxd4 4. Nxd4 g6 5. c4 Bg7 6. Be3 Nf6 7. Nc3 Ng4 8. Qxg4 Nxd4 9. Qd1 e5 10. Bd3 0-0 11. 0-0 d6 12. Bxd4 exd4 13. Ne2 Bg4 14. f3 Be6 15. Qd2 Rc8 16. b3 a5 17. Rad1 a4 18. Bc2 b5 19. cxb5 Qc7 20. Rc1 Qb6 21. Kh1 Qxb5 22. Bd3 Qd7 23. Bc4 axb3 24. Bxb3 d5 25. e5 Bxe5 26. Nxd4 Qd6 27. Rcd1 Bf4 28. Qf2 Bh6 29. Rfe1 Rfe8 30. Re2 Bd7 31. Rxe8+ Rxe8 32. Nc2 Bc6 33. Qd4 Bg7 34. Qb6 Rb8 35. Rxd5 Qf4 36. Rd8+ Rxd8 37. Qxd8+ Bf8 38. Qd4 Qg5 39. Qe3 Qb5 40. Qe1 Bc5 41. Ne3 Qd3 42. Ng4 Qxf3 0-1

[Event "Graz op-A"]
[Site "Graz"]
[Date "2018.02.18"]
[Round "2"]
[White "Schweighoffer, Martin"]
[Black "Nomin Erdene, Davaademberel"]
[Result "1-0"]
[WhiteElo "2124"]
[BlackElo "2365"]
[PlyCount "59"]
[EventDate "2018.02.17"]
[EventType "swiss"]
[EventRounds "9"]
[EventCountry "AUT"]
[SourceTitle "CBM 183 Extra"]
[Source "ChessBase"]
[SourceDate "2018.04.19"]
[SourceVersion "1"]
[SourceVersionDate "2018.04.19"]
[SourceQuality "1"]

1. e4 c6 2. Nc3 d5 3. Nf3 dxe4 4. Nxe4 Nf6 5. Nxf6+ exf6 6. d4 Bd6 7. Bd3 0-0 8. 0-0 Bg4 9. Re1 Nd7 10. Be3 Qc7 11. h3 Bh5 12. c4 Rad8 13. c5 Be7 14. Qd2 Bxf3 15. Bf4 Ne5 16. dxe5 Qd7 17. Re3 fxe5 18. Bxe5 Bd5 19. Bxg7 Be4 20. Rxe4 Qxd3 21. Rg4 Qg6 22. Qh6 Rfe8 23. Rxg6 fxg6 24. Bc3 Bf8 25. Qf4 Rd7 26. Qc4+ Rf7 27. Rd1 Ree7 28. Rd8 h6 29. Qd4 Rg7 30. Qf6 1-0

[Event "HUN-chT 1718"]
[Site "Hungary"]
[Date "2018.01.28"]
[Round "5.12"]
[White "Kovacsy, Barnabas"]
[Black "Schweighoffer, Martin"]
[Result "1/2-1/2"]
[WhiteElo "2124"]
[BlackElo "2123"]
[PlyCount "130"]
[EventDate "2017.11.25"]
[EventType "team-tourn"]
[EventRounds "9"]
[EventCountry "HUN"]
[SourceTitle "EXT 2019"]
[Source "ChessBase"]
[SourceDate "2018.10.10"]
[SourceVersion "1"]
[SourceVersionDate "2018.10.10"]
[SourceQuality "1"]
[WhiteTeam "Budapest MTK"]
[BlackTeam "DVTK"]
[WhiteTeamCountry "HUN"]
[BlackTeamCountry "HUN"]

1. e4 e5 2. Nf3 Nc6 3. Bb5 a6 4. Ba4 d6 5. c3 Bd7 6. d4 Nge7 7. Be3 Ng6 8. h4 Be7 9. h5 Nh4 10. Nxh4 Bxh4 11. d5 Nb8 12. Bxd7+ Nxd7 13. Qg4 Bf6 14. Nd2 h6 15. g3 Nf8 16. f4 Qd7 17. Qxd7+ Nxd7 18. Kf2 0-0 19. Nf3 exf4 20. gxf4 Rae8 21. Nd2 Bd8 22. Rag1 f5 23. Bd4 Bf6 24. e5 dxe5 25. fxe5 Bxe5 26. Nf3 Bxd4+ 27. Nxd4 Nc5 28. Kf3 Re5 29. c4 Re4 30. Rd1 Rfe8 31. Rhf1 Rh4 32. Rh1 Rhe4 33. Rhf1 Nd7 34. b3 Ne5+ 35. Kg3 Rg4+ 36. Kh3 f4 37. Rg1 Rg5 38. Kh4 c5 39. dxc6 Rxg1 40. Rxg1 bxc6 41. Rf1 Kh7 42. Kh3 c5 43. Nf5 f3 44. Kg3 Rf8 45. Nd6 Rf6 46. Ne4 Rf5 47. Nxc5 Nxc4 48. bxc4 Rxc5 49. Rxf3 Rxh5 50. Rc3 Rc5 51. Kf4 g5+ 52. Ke4 g4 53. Kd4 Rc8 54. c5 h5 55. Ke3 Rc6 56. Kf4 Kg7 57. Rc1 Kf6 58. Rc3 Ke6 59. Kg5 g3 60. Rxg3 Rxc5+ 61. Kh4 Kd6 62. Rg6+ Kc7 63. Rxa6 Kb7 64. Rh6 Ra5 65. Rxh5 Rxa2 1/2-1/2

[Event "SUI-ch 117th"]
[Site "Graechen"]
[Date "2017.07.17"]
[Round "5"]
[White "Schweighoffer, Martin"]
[Black "Georgescu, Lena"]
[Result "1/2-1/2"]
[WhiteElo "2062"]
[BlackElo "2239"]
[PlyCount "70"]
[EventDate "2017.07.13"]
[EventType "swiss"]
[EventRounds "9"]
[EventCountry "SUI"]
[SourceTitle "EXT 2019"]
[Source "ChessBase"]
[SourceDate "2018.10.10"]
[SourceVersion "1"]
[SourceVersionDate "2018.10.10"]
[SourceQuality "1"]

1. e4 c5 2. Nc3 Nc6 3. g3 g6 4. Bg2 Bg7 5. d3 d6 6. Be3 e6 7. Qd2 Rb8 8. f4 Nge7 9. Nf3 Nd4 10. 0-0 0-0 11. Rae1 b5 12. Nd1 b4 13. g4 f5 14. Bxd4 cxd4 15. gxf5 gxf5 16. e5 Qc7 17. Qf2 Ng6 18. Qxd4 dxe5 19. fxe5 Rd8 20. Qe3 Bb7 21. Rf2 Bxf3 22. Bxf3 Bxe5 23. c3 bxc3 24. bxc3 Rb6 25. Bh5 Nf4 26. d4 Nxh5 27. Qxe5 Qxe5 28. Rxe5 Nf6 29. Rb2 Kf7 30. Ra5 Rd7 31. Rxb6 axb6 32. Rb5 Ra7 33. Rxb6 Rxa2 34. Nb2 f4 35. Nd3 Nd5 1/2-1/2

[Event "SUI-ch 117th"]
[Site "Graechen"]
[Date "2017.07.16"]
[Round "4"]
[White "Huss, Andreas"]
[Black "Schweighoffer, Martin"]
[Result "0-1"]
[WhiteElo "2305"]
[BlackElo "2062"]
[PlyCount "82"]
[EventDate "2017.07.13"]
[EventType "swiss"]
[EventRounds "9"]
[EventCountry "SUI"]
[SourceTitle "EXT 2019"]
[Source "ChessBase"]
[SourceDate "2018.10.10"]
[SourceVersion "1"]
[SourceVersionDate "2018.10.10"]
[SourceQuality "1"]

1. d4 Nf6 2. c4 g6 3. Nf3 Bg7 4. Nc3 d5 5. e3 0-0 6. Bd2 c5 7. dxc5 Na6 8. cxd5 Nxc5 9. Bc4 e6 10. dxe6 Bxe6 11. Bxe6 Nd3+ 12. Ke2 fxe6 13. Qb1 Nb4 14. a3 Nc6 15. Rd1 Qa5 16. h3 Qh5 17. Kf1 g5 18. Ne4 g4 19. Nxf6+ Rxf6 20. hxg4 Qh1+ 21. Ng1 Ne5 22. Qe4 Raf8 23. Be1 Qh4 24. f3 Qh1 25. Kf2 Rg6 26. g5 Rxg5 27. f4 Rg6 28. Bc3 Ng4+ 29. Ke2 Bxc3 30. bxc3 Qh5 31. Qf3 Qb5+ 32. Ke1 Qc5 33. Ne2 Nxe3 34. Rd2 Nxg2+ 35. Kd1 Ne3+ 36. Kc1 Rc8 37. Qxb7 Rg1+ 38. Kb2 Nc4+ 39. Kc2 Rxa1 40. Rd7 Ne3+ 41. Kb2 Qxa3# 0-1

[Event "SUI-ch 117th"]
[Site "Graechen"]
[Date "2017.07.14"]
[Round "2"]
[White "Aeschbach, Philipp"]
[Black "Schweighoffer, Martin"]
[Result "1-0"]
[WhiteElo "2328"]
[BlackElo "2062"]
[PlyCount "99"]
[EventDate "2017.07.13"]
[EventType "swiss"]
[EventRounds "9"]
[EventCountry "SUI"]
[SourceTitle "EXT 2019"]
[Source "ChessBase"]
[SourceDate "2018.10.10"]
[SourceVersion "1"]
[SourceVersionDate "2018.10.10"]
[SourceQuality "1"]

1. c4 Nf6 2. g3 c5 3. Bg2 d5 4. cxd5 Nxd5 5. Nc3 Nc7 6. Nf3 Nc6 7. 0-0 e5 8. a3 Rb8 9. d3 Be7 10. Be3 0-0 11. Rc1 b6 12. b4 cxb4 13. axb4 f6 14. b5 Nd4 15. Ra1 Be6 16. Qb1 Nb3 17. Ra4 Bc5 18. Nd2 Bd4 19. Nce4 Nxd2 20. Bxd2 Bd5 21. Rc1 Ne6 22. Rxa7 f5 23. Nc3 Bxg2 24. Kxg2 Bxc3 25. Bxc3 Qd5+ 26. f3 Ra8 27. Ra6 Nc5 28. Rxb6 Ra2 29. Rc2 Rfa8 30. Rb8+ Rxb8 31. Qxa2 Qxa2 32. Rxa2 Rxb5 33. Bxe5 Nxd3 34. Ra8+ Kf7 35. Ra7+ Ke6 36. exd3 Rxe5 37. Rxg7 Re2+ 38. Kh3 Re3 39. f4 Rxd3 40. Rxh7 Rd2 41. Rh6+ Kd5 42. Rf6 Ke4 43. Re6+ Kf3 44. Re5 Rd8 45. Kh4 Rh8+ 46. Kg5 Rxh2 47. Re8 Rg2 48. Kxf5 Rxg3 49. Ra8 Rg7 50. Ra3+ 1-0

[Event "Belp op"]
[Site "Belp"]
[Date "2015.05.25"]
[Round "5"]
[White "Meier, Lukas"]
[Black "Schweighoffer, Martin"]
[Result "0-1"]
[WhiteElo "1892"]
[BlackElo "2090"]
[PlyCount "46"]
[EventDate "2015.05.23"]
[EventType "swiss"]
[EventRounds "5"]
[EventCountry "SUI"]
[SourceTitle "EXT 2016"]
[Source "ChessBase"]
[SourceDate "2015.10.08"]
[SourceVersion "1"]
[SourceVersionDate "2015.10.08"]
[SourceQuality "1"]

1. e4 e5 2. Nf3 Nc6 3. Bc4 Nf6 4. Ng5 d5 5. exd5 Na5 6. Bb5+ c6 7. dxc6 bxc6 8. Bd3 Nd5 9. Ne4 Nf4 10. 0-0 f5 11. Ng3 Nxd3 12. cxd3 Qxd3 13. Re1 Bd6 14. Re3 Qd4 15. Qe2 0-0 16. Rd3 Qc5 17. Rc3 Qd5 18. Na3 Bb4 19. Re3 e4 20. b3 f4 21. Rxe4 fxg3 22. Rxb4 gxf2+ 23. Kf1 Bh3 0-1

[Event "SUI-ch U16"]
[Site "Belp"]
[Date "2014.06.06"]
[Round "1"]
[White "Hunter, Damian"]
[Black "Schweighoffer, Martin"]
[Result "1-0"]
[WhiteElo "1789"]
[BlackElo "2053"]
[PlyCount "51"]
[EventDate "2014.06.06"]
[EventType "swiss"]
[EventRounds "7"]
[EventCountry "SUI"]
[SourceTitle "EXT 2015"]
[Source "ChessBase"]
[SourceDate "2014.11.20"]
[SourceVersion "1"]
[SourceVersionDate "2014.11.20"]
[SourceQuality "1"]

1. e4 e5 2. Bc4 Nc6 3. Nc3 Nf6 4. d3 Bc5 5. Bg5 h6 6. Bh4 g5 7. Bg3 d6 8. Qd2 Nd4 9. 0-0-0 Be6 10. h4 g4 11. h5 Bxc4 12. dxc4 Bb4 13. Bh4 Ne6 14. Nge2 Bxc3 15. Nxc3 Nf4 16. g3 N4xh5 17. Bxf6 Nxf6 18. Rxh6 Rg8 19. c5 Ke7 20. Nd5+ Nxd5 21. Qxd5 Kf8 22. Rh5 Qe7 23. Qxb7 Re8 24. cxd6 cxd6 25. Qxe7+ Kxe7 26. c4 1-0

[Event "SUI-ch U16"]
[Site "Belp"]
[Date "2014.06.06"]
[Round "2"]
[White "Schweighoffer, Martin"]
[Black "Goldie, Thomas"]
[Result "0-1"]
[WhiteElo "2053"]
[BlackElo "2070"]
[PlyCount "52"]
[EventDate "2014.06.06"]
[EventType "swiss"]
[EventRounds "7"]
[EventCountry "SUI"]
[SourceTitle "EXT 2015"]
[Source "ChessBase"]
[SourceDate "2014.11.20"]
[SourceVersion "1"]
[SourceVersionDate "2014.11.20"]
[SourceQuality "1"]

1. e4 c5 2. Nf3 d6 3. d4 cxd4 4. Qxd4 Nc6 5. Bb5 Bd7 6. Bxc6 Bxc6 7. Nc3 Nf6 8. Bg5 e6 9. 0-0-0 Be7 10. Rhe1 0-0 11. Qd2 h6 12. Bf4 e5 13. Bg3 b5 14. Nd5 Nxd5 15. exd5 Bd7 16. Qd3 f5 17. h3 Bf6 18. Qa3 Qb6 19. Bh4 g5 20. Bg3 f4 21. Bh2 Bf5 22. Re2 Rac8 23. Ne1 a5 24. f3 b4 25. Qb3 Qb5 26. Nd3 a4 0-1

[Event "EU-ch U14 23rd"]
[Site "Budva"]
[Date "2013.10.07"]
[Round "8"]
[White "Goltsev, Dmitry"]
[Black "Schweighoffer, Martin"]
[Result "1-0"]
[WhiteElo "2024"]
[BlackElo "1894"]
[PlyCount "53"]
[EventDate "2013.09.29"]
[EventType "swiss"]
[EventRounds "9"]
[EventCountry "MNE"]
[SourceTitle "EXT 2014"]
[Source "ChessBase"]
[SourceDate "2013.11.20"]
[SourceVersion "1"]
[SourceVersionDate "2013.11.20"]
[SourceQuality "1"]

1. e4 e5 2. Nf3 Nc6 3. Bb5 f5 4. d4 fxe4 5. Bxc6 dxc6 6. Nxe5 Nf6 7. 0-0 Bd6 8. Bg5 0-0 9. Qe2 Bf5 10. Qc4+ Kh8 11. Nf7+ Rxf7 12. Qxf7 Bg6 13. Qe6 Qf8 14. Nc3 Re8 15. Qh3 Nh5 16. Ne2 h6 17. Be3 Qf7 18. b3 Bf5 19. g4 Bd7 20. Qxh5 Qf3 21. Ng3 Rf8 22. g5 Bg4 23. Qh4 Rf5 24. gxh6 g6 25. Nxf5 Qxf5 26. Qg5 Qf3 27. Qxg6 1-0

[Event "Budapest Art Pub Cup 2nd"]
[Site "Budapest"]
[Date "2013.08.11"]
[Round "5"]
[White "Yip, Michael"]
[Black "Schweighoffer, Martin"]
[Result "0-1"]
[WhiteElo "2023"]
[BlackElo "1870"]
[PlyCount "112"]
[EventDate "2013.08.09"]
[EventType "swiss"]
[EventRounds "6"]
[EventCountry "HUN"]
[SourceTitle "CBM 156 Extra"]
[Source "ChessBase"]
[SourceDate "2013.10.22"]
[SourceVersion "1"]
[SourceVersionDate "2013.10.22"]
[SourceQuality "1"]

1. d4 Nf6 2. c4 g6 3. Nc3 d5 4. Nf3 Bg7 5. Qb3 dxc4 6. Qxc4 Nbd7 7. Bf4 c6 8. h3 Nb6 9. Qb3 Be6 10. Qc2 Nbd5 11. Bh2 Qa5 12. e3 Ne4 13. Qa4 Qxa4 14. Nxa4 Nb4 15. Rc1 Nxa2 16. Ra1 Nb4 17. Rc1 Bb3 18. Nc3 Nc2+ 19. Ke2 Nxc3+ 20. bxc3 Bc4+ 21. Kd2 Bxf1 22. Rhxf1 Na3 23. Ra1 Nc4+ 24. Kd3 b5 25. Ra6 Kd7 26. Rfa1 Nb2+ 27. Kc2 Na4 28. Ng5 f5 29. Kb3 e5 30. Nf7 Rhe8 31. Nxe5+ Bxe5 32. Bxe5 Rxe5 33. dxe5 Nc5+ 34. Kb4 Nxa6+ 35. Rxa6 Ke6 36. Rxc6+ Kxe5 37. Ra6 Ke4 38. Kxb5 Rb8+ 39. Kc4 Rc8+ 40. Kb3 Kd3 41. Rxa7 Rxc3+ 42. Kb4 Rc2 43. Rxh7 Rxf2 44. g4 fxg4 45. hxg4 Kxe3 46. Rg7 Rf4+ 47. Kc3 Rxg4 48. Re7+ Kf3 49. Kd3 Rg2 50. Rf7+ Kg3 51. Ke3 g5 52. Rf3+ Kg4 53. Rf8 Ra2 54. Rb8 Kg3 55. Rg8 g4 56. Rg7 Ra4 0-1

[Event "Budapest Art Pub Cup 2nd"]
[Site "Budapest"]
[Date "2013.08.10"]
[Round "3"]
[White "Piroska, Istvan"]
[Black "Schweighoffer, Martin"]
[Result "1-0"]
[WhiteElo "2089"]
[BlackElo "1870"]
[PlyCount "138"]
[EventDate "2013.08.09"]
[EventType "swiss"]
[EventRounds "6"]
[EventCountry "HUN"]
[SourceTitle "CBM 156 Extra"]
[Source "ChessBase"]
[SourceDate "2013.10.22"]
[SourceVersion "1"]
[SourceVersionDate "2013.10.22"]
[SourceQuality "1"]

1. e4 e5 2. Nf3 Nc6 3. Bc4 Nf6 4. Ng5 d5 5. exd5 Na5 6. Bb5+ Bd7 7. Qe2 Be7 8. Nc3 0-0 9. Bxd7 Qxd7 10. d3 Nxd5 11. Nxd5 Qxd5 12. 0-0 h6 13. Nf3 Nc6 14. Re1 Bf6 15. Be3 Rfe8 16. Nd2 Nb4 17. Ne4 Qc6 18. Qg4 Nxc2 19. Rac1 Nxe3 20. fxe3 Qb6 21. Nxf6+ Qxf6 22. Rxc7 Qd6 23. Rd7 Qb6 24. Qf5 Qe6 25. Qxe6 Rxe6 26. Rxb7 Rb6 27. Rxb6 axb6 28. a3 Rc8 29. Kf2 Kf8 30. d4 e4 31. Re2 Rc1 32. Kg3 g5 33. Kg4 Rf1 34. Kh5 Kg7 35. Rd2 Rf6 36. a4 Rc6 37. d5 Rd6 38. Rd4 f5 39. b4 Kf6 40. a5 bxa5 41. bxa5 Ke5 42. Ra4 Ra6 43. d6 Kxd6 44. Kxh6 g4 45. Kg5 Ke5 46. h3 gxh3 47. gxh3 Ra8 48. a6 Rg8+ 49. Kh4 Rh8+ 50. Kg3 Rg8+ 51. Kf2 Ra8 52. a7 Kf6 53. Kg3 Kg5 54. Ra6 f4+ 55. exf4+ Kf5 56. Ra5+ Kf6 57. Kf2 Ke6 58. Ke3 Kd6 59. f5 Kc6 60. Kxe4 Kb6 61. Ra1 Kb7 62. Kf4 Kb6 63. f6 Kb7 64. Kf5 Kc6 65. f7 Kd7 66. Kf6 Kc7 67. Ke7 Kb7 68. f8Q Re8+ 69. Qxe8 Kc7 1-0

[Event "Budapest Art Pub Cup 2nd"]
[Site "Budapest"]
[Date "2013.08.09"]
[Round "1"]
[White "Dibusz, Domonkos"]
[Black "Schweighoffer, Martin"]
[Result "0-1"]
[WhiteElo "1451"]
[BlackElo "1870"]
[PlyCount "38"]
[EventDate "2013.08.09"]
[EventType "swiss"]
[EventRounds "6"]
[EventCountry "HUN"]
[SourceTitle "CBM 156 Extra"]
[Source "ChessBase"]
[SourceDate "2013.10.22"]
[SourceVersion "1"]
[SourceVersionDate "2013.10.22"]
[SourceQuality "1"]

1. e4 e5 2. Nf3 Nc6 3. Nc3 Nf6 4. d3 Bb4 5. Bd2 d5 6. exd5 Nxd5 7. Be2 0-0 8. 0-0 Bxc3 9. Bxc3 Nxc3 10. bxc3 Qf6 11. Rb1 b6 12. d4 Rd8 13. dxe5 Nxe5 14. Qe1 Ng6 15. Bd3 Bb7 16. Be2 Re8 17. Nd4 c5 18. Nb3 Nf4 19. f3 Rxe2 0-1

[Event "SUI-ch U14"]
[Site "Geneve"]
[Date "2013.06.27"]
[Round "2"]
[White "Arcuti, Davide"]
[Black "Schweighoffer, Martin"]
[Result "1/2-1/2"]
[WhiteElo "2081"]
[BlackElo "1898"]
[PlyCount "58"]
[EventDate "2013.06.27"]
[EventType "swiss"]
[EventRounds "7"]
[EventCountry "SUI"]
[SourceTitle "EXT 2014"]
[Source "ChessBase"]
[SourceDate "2013.11.20"]
[SourceVersion "1"]
[SourceVersionDate "2013.11.20"]
[SourceQuality "1"]

1. d4 Nf6 2. c4 g6 3. Nc3 d5 4. cxd5 Nxd5 5. e4 Nxc3 6. bxc3 Bg7 7. Bc4 c5 8. Ne2 0-0 9. 0-0 Nc6 10. Be3 Bg4 11. f3 Na5 12. Bd3 cxd4 13. cxd4 Be6 14. d5 Bxa1 15. Qxa1 f6 16. Qd4 Bf7 17. Bh6 Re8 18. Bb5 e5 19. Qf2 Re7 20. f4 exf4 21. Qxf4 Qb6+ 22. Kh1 Bxd5 23. exd5 Qxb5 24. Qxf6 Qe8 25. Qd4 Rf7 26. Rxf7 Qxf7 27. Bd2 Qg7 28. Bxa5 Qxd4 29. Nxd4 Rc8 1/2-1/2